000 00678nam a22002057a 4500
005 20150617114348.0
010 _aENG-112854
020 _c695.00
_a9788125057741
035 _aEN-96386
037 _bDBAD/PUB
082 _a332.6730954
100 _aPant, Manoj
245 _aFDI in India :
_cby Manoj Pant [and] Deepika Srivastava
_bhistory,policy and the Asian perspective /
260 _aNew Delhi
_bOrient Blackswan
_c2015
270 _a1/24, Asaf Ali Road,
_bNew Delhi
_e110002
300 _axix,298p.
_c24cm(Hb)
500 _aIncludes bibliographical references and index
700 _aSrivastava, Deepika
942 _2ddc
_cEN
_mPAN
_h332.6730954
999 _c93289
_d93289